A study handook on Ephesians. (Record no. 5823)

000 -LEADER
fixed length control field 00675nam a2200181 a 4500
001 - CONTROL NUMBER
control field :::00003565$&:&@@
003 - CONTROL NUMBER IDENTIFIER
control field OkBaRHE
005 - DATE AND TIME OF LATEST TRANSACTION
control field 20000607103307.0
008 - FIXED-LENGTH DATA ELEMENTS--GENERAL INFORMATION
fixed length control field s1948 j 000 0 eng u
040 ## - CATALOGING SOURCE
Transcribing agency
100 1# - MAIN ENTRY--PERSONAL NAME
Personal name Harrison, Norman B. (Norman Baldwin), 1874-
245 12 - TITLE STATEMENT
Title A study handook on Ephesians.
Statement of responsibility, etc Supplement to His very own: Paul's epistle to the Ephesians.
260 ## - PUBLICATION, DISTRIBUTION, ETC. (IMPRINT)
Place of publication, distribution, etc Minneapolis, MN., :
Name of publisher, distributor, etc The Harrison Service
Date of publication, distribution, etc c1948
300 ## - PHYSICAL DESCRIPTION
Extent 32 p. ;
Dimensions 18 cm.
650 ## - SUBJECT ADDED ENTRY--TOPICAL TERM
Topical term or geographic name as entry element Bible New Testament Ephesians
General subdivision Study
-- Outlines, Syllabi, etc.
942 ## - ADDED ENTRY ELEMENTS (KOHA)
Source of classification or shelving scheme
Koha item type Books
Copies
Price effective from Koha item type Permanent Location Lost status Shelving location Not for loan Date acquired Date last seen Source of classification or shelving scheme Copy number Withdrawn status Damaged status Full call number Barcode
2010-04-14BooksRHEMA Bible Training College General Stacks 2010-04-142018-04-03 1  BS 2695 .H2513565